ბათუმის შოთა რუსთაველის სახელმწიფო უნივერსიტეტის ბიბლიოთეკა

Metzler Lexikon Sprache / (ბიბ.ჩანაწერი № 61616)

000 -LEADER
fixed length control field 00586nam a22001817a 4500
005 - DATE AND TIME OF LATEST TRANSACTION
control field 20240401105212.0
008 - FIXED-LENGTH DATA ELEMENTS--GENERAL INFORMATION
fixed length control field 240401s2016 gw ||||| |||| 00| 0 ger d
020 ## - INTERNATIONAL STANDARD BOOK NUMBER
International Standard Book Number 9783476026415
041 ## - LANGUAGE CODE
Language code of text/sound track or separate title ger
080 ## - UNIVERSAL DECIMAL CLASSIFICATION NUMBER
Universal Decimal Classification number 81'.1 G-55
100 ## - MAIN ENTRY--PERSONAL NAME
Personal name Glück, Helmut
9 (RLIN) 21642
245 ## - TITLE STATEMENT
Title Metzler Lexikon Sprache /
Statement of responsibility, etc. Helmut Glück, Michael Rödel.
264 ## - PRODUCTION, PUBLICATION, DISTRIBUTION, MANUFACTURE, AND COPYRIGHT NOTICE
Place of production, publication, distribution, manufacture Stuttgard :
Name of producer, publisher, distributor, manufacturer J.B. Metzler,
Date of production, publication, distribution, manufacture, or copyright notice 2016.
300 ## - PHYSICAL DESCRIPTION
Extent 816 p. ;
Other physical details 24 cm.
653 ## - INDEX TERM--UNCONTROLLED
keyword მეტცლერის ლექსიკის ენა
700 ## - ADDED ENTRY--PERSONAL NAME
Personal name Rödel, Michael
Relator term ავტორი
9 (RLIN) 21643
942 ## - ADDED ENTRY ELEMENTS (KOHA)
Source of classification or shelving scheme
Koha item type წიგნი
ეგზემპლარები
Withdrawn status Lost status Source of classification or shelving scheme Damaged status Not for loan Permanent Location Current Location Shelving location Date acquired Cost, normal purchase price Full call number Barcode Date last seen Copy number Price effective from Koha item type Public note
          ბათუმის შოთა რუსთაველის სახელმწიფო უნივერსიტეტის მთავარი ბიბლიოთეკა ბათუმის შოთა რუსთაველის სახელმწიფო უნივერსიტეტის მთავარი ბიბლიოთეკა წიგნსაცავი 2024-04-01 252.00 81'.1 G-55 67756 2024-04-01 67756 2024-04-01 წიგნი 252 ლ.
          ბათუმის შოთა რუსთაველის სახელმწიფო უნივერსიტეტის მთავარი ბიბლიოთეკა ბათუმის შოთა რუსთაველის სახელმწიფო უნივერსიტეტის მთავარი ბიბლიოთეკა წიგნსაცავი 2024-04-01 252.00 81'.1 G-55 67755 2024-04-01 67755 2024-04-01 წიგნი 252 ლ.